00241 a2200109 4500001000700000040003500007100002300042240002700065245002200092300000800114362000900122155696 cEscola São Tomás de Aquino aALENCAR, José de10aJosé de Alencarlpor10aJosé de Alencar a1070 a1980